Fundamental of biochemistry (Record no. 394106)

MARC details
000 -LEADER
fixed length control field 00458 a2200181 4500
005 - DATE & TIME
control field 20260121163401.0
008 - FIXED-LENGTH DATA ELEMENTS--GENERAL INFORMATION
fixed length control field 260121b |||||||| |||| 00| 0 eng d
020 ## - ISBN
International Standard Book Number 9798898486112
Price $ 150.00
040 ## - CATALOGING SOURCE
Original cataloging agency VIVEKANANDA LIBRARY
082 ## - DDC NUMBER
Classification number 572
Book Number M199F
100 ## - MAIN ENTRY--PERSONAL NAME
Personal name Mckenzie, Harwell
245 ## - TITLE STATEMENT
Title Fundamental of biochemistry
260 ## - PUBLICATION, DISTRIBUTION, ETC. (IMPRINT)
Name of publisher, distributor, etc Cell Publishing
Date of publication, distribution, etc 2026
Place of publication, distribution, etc Wyoming
300 ## - PHYSICAL DESCRIPTION
Pages 286
650 ## - Subject
Subject Biochemistry
650 ## - Subject
Subject Protein Activation
942 ## - ADDED ENTRY ELEMENTS (KOHA)
Koha item type Books
Holdings
Withdrawn status Lost status Source of classification or shelving scheme Damaged status Not for loan Location (home branch) Sublocation or collection (holding branch) Shelving location Date acquired Koha issues (times borrowed) Koha full call number Accession No. Koha date last seen Koha item type
    Dewey Decimal Classification     VIVEKANANDA LIBRARY VIVEKANANDA LIBRARY Vivekananda Library 05/01/2026   572 M199F 444199 05/01/2026 Books
© Designed and Maintained by Vivekananda Library, MDU Rohtak